| 000 | 00533nam a22001937a 4500 | ||
|---|---|---|---|
| 003 | NUST | ||
| 005 | 20240514160438.0 | ||
| 008 | 240514b ||||| |||| 00| 0 eng d | ||
| 020 | _a978969337383 | ||
| 040 | _aNUST | ||
| 041 | _aeng | ||
| 082 |
_a923.00954941 _bQUR |
||
| 100 |
_aQureshi, Toaha _9122660 |
||
| 245 |
_aMy journey: _bfrom chak 444 to Buckingham palace/ _cToaha Qureshi MBE |
||
| 260 |
_aLahore: _bSheikh Zayed Islamic Center, _c2022 |
||
| 300 |
_a355p. _bill. |
||
| 650 |
_aAutobiography _9107439 |
||
| 942 |
_2ddc _cBK |
||
| 999 |
_c609111 _d609111 |
||